List of Vice Presidents - Sudden Death - Statistics

General Stats
  • This quiz has been taken 179 times
  • The average score is 4 of 15
Answers on the Grid
Answers color-coded by a green-red scale on the quiz's grid according to % correct below.
Joseph Biden
Rufus King
George Clinton
George Dallas
Abraham Lincoln
Bill Winston
Mike Pence
George Washington
William Wheeler
DeWitt Clinton
John Tyler
Levi P. Morton
Henry Clay
Adlai Stevenson
Alf Landon
Barry Goldwater
Ross Perot
Robert La Follette
Charles Curtis
Kamala Harris
Wendell Willkie
Charles W. Fairbanks
John W. Davis
Daniel D. Tompkins
Elbridge Gerry
John Adams
Charles C. Pinckney
Hannibal Hamlin
Lewis Cass
Horace Greeley
 
Answer Stats
Answer % Correct
Joseph Biden
92%
Mike Pence
64%
Kamala Harris
50%
John Adams
40%
John Tyler
30%
George Clinton
25%
Adlai Stevenson
24%
Hannibal Hamlin
18%
George Dallas
13%
Charles W. Fairbanks
12%
Elbridge Gerry
11%
William Wheeler
9%
Daniel D. Tompkins
8%
Charles Curtis
7%
Levi P. Morton
7%
No matching quizzes found
Score Distribution
Percent of People with Each Score
Percentile by Number Answered
Your Score History
You have not taken this quiz